LEADER 01181nam a2200253 i 4500 001 000000201003 003 CaOOAMICUS 005 20110418000000.0 008 110418n it u000 u ita u 013 $a179704 040 $aSeMil$bita 100 1 $aGrampa, Giuseppe ,$d<1942- >.$0(OLS)http://semarc/name/1467 245 13$aLa donna oggi :$buna sfida per la Chiesa /$cGiuseppe Grampa. 260 $aMilano :$bSegreteria del Corso di Aggiornamento Teologico,$c[1988] 300 $a18 p. ;$c21 cm. 490 0 $aLa donna nella Chiesa : una sfida e un segno dei tempi ;$v1 500 $aA pič della copertina : Corso di aggiornamento teologico 1987-1988, Milano. 650 4$aDonna - Chiesa.$0(OLS)http://semarc/subject/34925 830 3$aLa donna nella Chiesa : una sfida e un segno dei tempi ;$v1.$0(OLS)http://semarc/title/33159 850 $aSeMil 852 $aSeMil$W1$xVenegono$y1$m5D IX 18/11$j151532$B151532$CSeMilBibl$Z2$F162749 $81 961 $aOmaggio: Altro 996 $6245$aLa donna oggi :$buna sfida per la Chiesa$9(OLS)http://semarc/title/290800 996 $6260$aMilano :$bSegreteria del Corso di Aggiornamento Teologico$9(OLS)http://semarc/publisher/36255 LEADER 00988nam a2200193 i 4500 001 000000205244 003 CaOOAMICUS 005 20110818000000.0 008 110818s1802 it u000 u ita u 013 $a183980 026 $ai.ni o.to a.ta ViEf (3) 1802 (R) 040 $aSeMil$bita 100 1 $aCasti, Giovanni Battista,$d<1724-1803>.$0(OLS)http://semarc/name/89267 245 10$aTomo 3. 300 $a215, [1] p. 773 0 $aCasti, Giovanni Battista <1724-1803>$tAnimali parlanti, poema epico diviso in ventisei canti di Giambattista Casti. Vi sono in fine aggiunti quattro Apologhi del medesimo autore non appartenenti al Poema. Tomo 1. [-3.].$bQuinta edizione milanese nuovamente corretta, e migliorata con le citazioni dell'autore state omesse nelle altre edizioni.$dMilano : Presso Pirotta e Maspero, 1802.$g3$w()25322 850 $aSeMil 852 $aSeMil$W1$xVenegono$y1$m1O V 3 FA$j155738$B155738$CSeMilBibl$Z2$F167074 $8I 996 $6245$aTomo 3$9(OLS)http://semarc/title/53129